| 000 | 00648 a2200193 4500 | ||
|---|---|---|---|
| 999 |
_c182950 _d182950 |
||
| 005 | 20220222112548.0 | ||
| 010 | _aENG-130287 | ||
| 020 |
_a978-93-89136-76-0 _c1250.00 |
||
| 035 | _aEN-113819 | ||
| 037 | _bDBAD / PUB | ||
| 082 | _a791.43095414 | ||
| 100 | _aSengupta, Arjun | ||
| 245 |
_aSoutmitra Chatterjee A life in Cinema, Theatre, Poetry & Painting: _cArjun Sengupta |
||
| 260 |
_bNiyogi Books _c2021 _aNew Delhi |
||
| 270 |
_mniyogibooks@gmail.com _aD-78, Okhla Industrial Area, Phase-I _bNew Delhi _e110020 |
||
| 300 |
_a186p. _c24cm (hbk) |
||
| 700 | _aMukherjee, Partha | ||
| 942 |
_adpl _cEN _2ddc _h791.43095414 _mSEN |
||